<?xml version="1.0" encoding="UTF-8"?>
<record
    xmlns:xsi="http://www.w3.org/2001/XMLSchema-instance"
    xsi:schemaLocation="http://www.loc.gov/MARC21/slim http://www.loc.gov/standards/marcxml/schema/MARC21slim.xsd"
    xmlns="http://www.loc.gov/MARC21/slim">

  <leader>00595nam a2200181Ia 4500</leader>
  <controlfield tag="008">100921s9999    xx            000 0 und d</controlfield>
  <datafield tag="082" ind1=" " ind2=" ">
    <subfield code="b">17681</subfield>
    <subfield code="a">808.5 &#x925; 61</subfield>
  </datafield>
  <datafield tag="100" ind1=" " ind2=" ">
    <subfield code="a">&#x915;&#x941;&#x932;&#x915;&#x930;&#x94D;&#x923;&#x940; &#x92D;&#x940;.&#x92C;.</subfield>
  </datafield>
  <datafield tag="245" ind1=" " ind2=" ">
    <subfield code="a">&#x938;&#x902;&#x92D;&#x93E;&#x937;&#x923;&#x915;&#x932;&#x93E;.</subfield>
  </datafield>
  <datafield tag="260" ind1=" " ind2=" ">
    <subfield code="b">&#x92E;&#x945;&#x91C;&#x947;&#x938;&#x94D;&#x91F;&#x940;&#x915; &#x92C;&#x941;&#x915; &#x938;&#x94D;&#x91F;&#x949;&#x932;,&#x92E;&#x941;&#x902;&#x92C;&#x908;.</subfield>
    <subfield code="c">1961</subfield>
  </datafield>
  <datafield tag="300" ind1=" " ind2=" ">
    <subfield code="a">110</subfield>
    <subfield code="b">---</subfield>
  </datafield>
  <datafield tag="365" ind1=" " ind2=" ">
    <subfield code="b">2</subfield>
  </datafield>
  <datafield tag="520" ind1=" " ind2=" ">
    <subfield code="a">&#x932;&#x932;&#x93F;&#x924;-&#x92D;&#x93E;&#x937;&#x923;&#x915;&#x932;&#x93E;.</subfield>
  </datafield>
  <datafield tag="630" ind1=" " ind2=" ">
    <subfield code="a">&#x938;&#x902;&#x92D;&#x93E;&#x937;&#x923;&#x915;&#x932;&#x93E;.</subfield>
  </datafield>
  <datafield tag="650" ind1=" " ind2=" ">
    <subfield code="a">&#x932;&#x932;&#x93F;&#x924;-&#x92D;&#x93E;&#x937;&#x923;&#x915;&#x932;&#x93E;.</subfield>
  </datafield>
  <datafield tag="730" ind1=" " ind2=" ">
    <subfield code="a">&#x938;&#x902;&#x92D;&#x93E;&#x937;&#x923;&#x915;&#x932;&#x93E;.</subfield>
  </datafield>
  <datafield tag="942" ind1=" " ind2=" ">
    <subfield code="c">BOOK</subfield>
  </datafield>
  <datafield tag="999" ind1=" " ind2=" ">
    <subfield code="c">766794</subfield>
    <subfield code="d">766791</subfield>
  </datafield>
  <datafield tag="952" ind1=" " ind2=" ">
    <subfield code="0">0</subfield>
    <subfield code="1">0</subfield>
    <subfield code="4">0</subfield>
    <subfield code="7">0</subfield>
    <subfield code="a">WAITILAKGS</subfield>
    <subfield code="b">WAITILAKGS</subfield>
    <subfield code="c">808.5 &#x925; 61</subfield>
    <subfield code="d">0000-00-00</subfield>
    <subfield code="g">2.00</subfield>
    <subfield code="l">0</subfield>
    <subfield code="p">WAITILAKGS-17681</subfield>
    <subfield code="r">2010-09-21 00:00:00</subfield>
    <subfield code="w">2010-09-21</subfield>
    <subfield code="y">BOOK</subfield>
    <subfield code="z">&#x926;&#x947;&#x935;&#x918;&#x947;&#x935;</subfield>
  </datafield>
</record>
